[Event "Morava Region-chTA"]
[Site "Czech Republic"]
[Date "2024.12.01"]
[Round "4.5"]
[White "Koppi, Vladimir"]
[Black "Petkovsky, Patrik"]
[Result "0-1"]
[WhiteElo "1726"]
[BlackElo "1910"]
[PlyCount "50"]
[EventDate "2024.10.13"]
[EventType "team-tourn"]
[EventRounds "11"]
[EventCountry "CZE"]
[SourceTitle "CB16_2025"]
[SourceDate "2025.04.16"]
[SourceVersion "1"]
[SourceVersionDate "2025.04.16"]
[SourceQuality "1"]
[WhiteTeam "Krnov II"]
[BlackTeam "Krnov"]
[WhiteTeamCountry "CZE"]
[BlackTeamCountry "CZE"]

1. d4 e6 2. Nf3 f5 3. Bf4 Nf6 4. Nc3 Bb4 5. Bd2 0-0 6. e3 d5 7. Bd3 Bd7 8. 0-0 Be8 9. a3 Bd6 10. Ne5 Bxe5 11. dxe5 Ne4 12. f4 c6 13. Be1 Qb6 14. Qe2 Nd7 15. Na4 Qd8 16. Bb4 c5 17. Be1 Nxe5 18. Bxe4 Bxa4 19. Bxd5 Qxd5 20. Rd1 Qc4 21. Qh5 Be8 22. Qh3 Ng4 23. Bc3 Bc6 24. Qg3 Qe4 25. h3 Qxe3+ 0-1